15 Largest Cities in Belgium🇧🇪 - Statistics

General Stats
  • This quiz has been taken 98 times
  • The average score is 9 of 15
Answer Stats
Population City % Correct
1 mil Brussels
100%
459k Antwerp
93%
182k Liege
91%
231k Ghent
89%
116k Bruges
87%
200k Charleroi
80%
92k Leuven
57%
106k Namur
56%
91k Mons
52%
77k Mechelen
46%
73k Kortrijk
39%
69k Hasselt
29%
76k La Louviere
26%
77k Aalst
25%
78k Deurne
0%
No matching quizzes found
Score Distribution
Percent of People with Each Score
Percentile by Number Answered
Your Score History
You have not taken this quiz